The Honeycomb Conjecture in Normed Planes and an Alpha-Convex Variant of a Theorem of Dowker

The Honeycomb Conjecture states that among tilings with unit area cells in the Euclidean plane, the average perimeter of a cell is minimal for a regular hexagonal tiling. This conjecture was proved by L. Fejes Tóth for convex tilings, and by Hales for not necessarily convex tilings. In this paper we...

Teljes leírás

Elmentve itt :
Bibliográfiai részletek
Szerzők: Lángi Zsolt
Wang Shanshan
Dokumentumtípus: Cikk
Megjelent: 2026
Sorozat:INTERNATIONAL MATHEMATICS RESEARCH NOTICES 2026 No. 1
Tárgyszavak:
doi:10.1093/imrn/rnaf372

mtmt:36882730
Online Access:http://publicatio.bibl.u-szeged.hu/38870
LEADER 01953nab a2200229 i 4500
001 publ38870
005 20260128104950.0
008 260128s2026 hu o 000 eng d
022 |a 1073-7928 
024 7 |a 10.1093/imrn/rnaf372  |2 doi 
024 7 |a 36882730  |2 mtmt 
040 |a SZTE Publicatio Repozitórium  |b hun 
041 |a eng 
100 1 |a Lángi Zsolt 
245 1 4 |a The Honeycomb Conjecture in Normed Planes and an Alpha-Convex Variant of a Theorem of Dowker  |h [elektronikus dokumentum] /  |c  Lángi Zsolt 
260 |c 2026 
300 |a 18 
490 0 |a INTERNATIONAL MATHEMATICS RESEARCH NOTICES  |v 2026 No. 1 
520 3 |a The Honeycomb Conjecture states that among tilings with unit area cells in the Euclidean plane, the average perimeter of a cell is minimal for a regular hexagonal tiling. This conjecture was proved by L. Fejes Tóth for convex tilings, and by Hales for not necessarily convex tilings. In this paper we investigate the same question for tilings of a given normed plane, and show that among normal, convex tilings in a normed plane, the average squared perimeter of a cell is minimal for a tiling whose cells are translates of a centrally symmetric hexagon. We also show that the question whether the same statement is true for the average perimeter of a cell is closely related to an -convex variant of a theorem of Dowker on the area of polygons circumscribed about a convex disk. Exploring this connection we find families of norms in which the average perimeter of a cell of a tiling is minimal for a hexagonal tiling, and prove some additional related results. Finally, we apply our method to give a partial answer to a problem of Steinhaus about the isoperimetric ratios of cells of certain tilings in the Euclidean plane, appeared in an open problem book of Croft, Falconer, and Guy. 
650 4 |a Matematika 
700 0 1 |a Wang Shanshan  |e aut 
856 4 0 |u http://publicatio.bibl.u-szeged.hu/38870/1/rnaf372.pdf  |z Dokumentum-elérés